National electrical code reference book (Record no. 27012)

MARC details
000 -LEADER
fixed length control field 00291nam a2200109Ia 4500
082 ## - DEWEY DECIMAL CLASSIFICATION NUMBER
Classification number 621.3(03)
Item number GAR
100 ## - MAIN ENTRY--AUTHOR NAME
Personal name Garland, J D
245 #0 - TITLE STATEMENT
Title National electrical code reference book
260 ## - PUBLICATION, DISTRIBUTION, ETC. (IMPRINT)
Place of publication New Jersey
Name of publisher Prentice Hall
Year of publication 1977
942 ## - ADDED ENTRY ELEMENTS (KOHA)
Koha item type Books
Holdings
Withdrawn status Lost status Damaged status Not for loan Home library Current library Date acquired Full call number Accession Number Koha item type
        RRII Library RRII Library 16/12/2021 621.3(03) GAR 07643 Books